| 000 | 00455 a2200145 4500 | ||
|---|---|---|---|
| 999 |
_c8507 _d8507 |
||
| 020 | _a9780520225893 | ||
| 050 | _aPR858 MOG 2001 | ||
| 100 |
_aMoglen, Helene _eauthor |
||
| 245 |
_aThe trauma of gender; _bA feminist theory of the english novel/ |
||
| 264 |
_aCalifornia: _bRegents of the University of California Press; _c2001 |
||
| 300 | _ax,216p.; | ||
| 500 | _aIncludes index | ||
| 650 | _aRelation of fiction and theory | ||
| 942 |
_2lcc _cBK _h858 _iMOG _kPR |
||